Optimización de una Estación Base con Tecnología LTE-TDD en la Ciudad de Jinotepe

El presente trabajo presenta el uso de la tecnología LTE (Long Term Evolution) usando uno de los tipos de duplexaciones permitidos dentro de la tecnología de comunicación celular, TDD (Time Divison Duplex) para bandas no emparejada.

Bibliographic Details
Main Author: Téllez García, Alison Dayan
Other Authors: Tutor: Sevilla Hernández, Marlovio José
Format: Tesis Section = Libro
Language:Undetermined
Spanish
Published: Managua UNI 2022
Subjects:
LEADER 01038nam a2200253Ia 4500
008 240830s9999 xx 000 0 und d
040 |a BIBLIOTECA-RUSB/ Mon 621.38456 T275 
041 |a spa 
082 |a Mon 621.38456 T275 
100 1 |a Téllez García, Alison Dayan 
245 1 0 |a Optimización de una Estación Base con Tecnología LTE-TDD en la Ciudad de Jinotepe 
260 |a Managua  |b UNI  |c 2022 
300 |a 89 p. :il. 
500 |a Contiene: anexos y CD. 
502 |a Tesis (Ingeniero en Telecomunicaciones) - UNI, 2022. 
520 3 |a El presente trabajo presenta el uso de la tecnología LTE (Long Term Evolution) usando uno de los tipos de duplexaciones permitidos dentro de la tecnología de comunicación celular, TDD (Time Divison Duplex) para bandas no emparejada. 
650 7 |a TELEFONIA 
650 7 |b  COMUNICACIONES INALAMBRICAS 
650 7 |c  TECNOLOGÍA LTE-TDD 
650 7 |d  TELECOMUNICACIONES. 
700 1 |a Tutor:  |b Sevilla Hernández, Marlovio José 
942 |c BK  |2 ddc 
991 |a TESIS 
999 |c 27470